| 000 | 00000nam##2200000za#4500 |
| 001 | 9.616879 |
| 003 | CaOODSP |
| 005 | 20200327144450 |
| 007 | ta |
| 008 | 150406|2004||||xxc||||| f|0| 0 eng|d |
| 022 | |a0706-6457 |
| 040 | |aCaOODSP|beng |
| 043 | |an-cn--- |
| 086 | 1 |aFs97-6/2520E |
| 110 | 1 |aCanada. |bDepartment of Fisheries and Oceans. |
| 245 | 10|aMass balance models of the eastern Scotian Shelf before and after the cod collapse and other ecosystem changes / |cby A. Bundy. |
| 260 | |aOttawa - Ontario : |bFisheries and Oceans Canada |c2004. |
| 300 | |a193p. : |bgraphs, references, tables ; |c28 cm. |
| 490 | 1 |aCanadian technical report of fisheries and aquatic sciences|x0706-6457|v2520 |
| 500 | |aOn title page: Science Branch, Marine Fish Division, Maritimes Region, Department of Fisheries and Oceans, Bedford Institute of Oceanography, P.O. Box 1006, Dartmouth, Nova Scotia, B2Y 4A2. |
| 546 | |a(Résumé en français.) |
| 563 | |aSoftcover |
| 590 | |a04-21|b2004-05-21 |
| 720 | 1 |aBundy, A. |
| 776 | 0#|tMass balance models of the eastern Scotian Shelf before and after the cod collapse and other ecosystem changes / |w(CaOODSP)9.574099 |
| 830 | #0|aCanadian technical report of fisheries and aquatic sciences,|x0706-6457|v2520|w(CaOODSP)9.514691 |